Linear programming (Record no. 321)
[ view plain ]
| 000 -LEADER | |
|---|---|
| Fixed length control field | 00424nam a22001817a 4500 |
| 003 - CONTROL NUMBER IDENTIFIER | |
| Control field | SEACOMMC |
| 005 - DATE AND TIME OF LATEST TRANSACTION | |
| Control field | 20231109075633.0 |
| 008 - FIXED-LENGTH DATA ELEMENTS--GENERAL INFORMATION | |
| Fixed length control field | 231109b |||||||| |||| 00| 0 eng d |
| 020 ## - INTERNATIONAL STANDARD BOOK NUMBER / ISBN | |
| Price | Rs. 175.00 |
| 040 ## - CATALOGING SOURCE | |
| Original cataloging agency | SEACOMMC |
| 082 ## - DEWEY DECIMAL CLASSIFICATION NUMBER | |
| Classification number | 519.72 |
| Book Number | HAD |
| 100 1# - MAIN ENTRY--PERSONAL NAME | |
| Personal name | Hadley, G. |
| 245 1# - TITLE STATEMENT | |
| Title | Linear programming |
| Statement of responsibility | G. Hadley |
| 260 ## - IMPRINT | |
| Place of publication | New Delhi |
| Name of publisher | Narosa |
| Date of publication | 2002 |
| 650 ## - SUBJECT ADDED ENTRY--TOPICAL TERM | |
| Topical term | Mathematics |
| 650 ## - SUBJECT ADDED ENTRY--TOPICAL TERM | |
| Topical term | Programming |
| 942 ## - ADDED ENTRY ELEMENTS (KOHA) | |
| Koha item type | Books |
| Withdrawn status | Lost status | Source of classification | Damaged status | Not for loan | Home library | Current library | Date acquired | Total Checkouts | Call number | Accession number | Date last seen | Price effective from | Koha item type |
|---|---|---|---|---|---|---|---|---|---|---|---|---|---|
| Dewey Decimal Classification | SEACOM MANAGEMENT COLLEGE | SEACOM MANAGEMENT COLLEGE | 19/09/2006 | 519.72 HAD | 05514 | 09/11/2023 | 09/11/2023 | Books |
